Ortodoxia a ortopraxia [projekt Charitatívna a sociálna služba v spoločnosti a Cirkvi (VEGA č. 1/2497/05)]

Bibliographic Details
Main Author: Zozuľak, Ján, 1968- (Author)
Format: Book
Language:Slovak
Published: Prešov Prešovská univerzita 2007
Edition:1. vyd.
Series:Patristická knižnica 11
Subjects:

MARC

LEADER 00000nam a2200000 a 4500
001 vtls009179333
003 SK-MaSNL
005 20260301224310.0
008 251124s2007 xo l f 000 0 slo
015 |a SNBA2008/02-00658 
020 |a 9788080686932  |q (viaz.) 
035 |a 99BD9CD0-AE12-48C4-A4B5-64CA73B9DEDB 
035 |a urn:nbn:sk:snk-aml5l7 
035 |a urn:nbn:sk:snk-am008vkp 
040 |a SNK  |b slo  |c SNK  |e AACR2 
041 0 |a slo 
044 |a xo  |c SK 
072 7 |a 27-1/-2  |x Kresťanská teológia. Dogmatická teológia  |2 konspekt 
080 |a 271.2  |2 2001 
080 |a 27-18  |2 2001 
080 |a 27-1  |2 2001 
080 |a (048.8)  |2 2001 
100 1 |a Zozuľak, Ján,  |d 1968-  |4 aut  |9 258846 
245 1 0 |a Ortodoxia a ortopraxia  |b [projekt Charitatívna a sociálna služba v spoločnosti a Cirkvi (VEGA č. 1/2497/05)]  |c Ján Zozuľak 
250 |a 1. vyd. 
260 |a Prešov  |b Prešovská univerzita  |c 2007 
300 |a 191 s.  |b tab.  |c 21 cm 
366 |e 1000 výt. 
490 1 |a Patristická knižnica  |v 11 
504 |a Bibliogr. s. 185-189 
650 0 7 |a pravoslávie  |2 SNKPH  |9 4092 
650 0 7 |a kresťanská antropológia  |2 SNKPH  |9 719 
650 0 7 |a kresťanská teológia  |2 SNKPH  |9 1804 
655 7 |a monografie  |2 SNKPH  |9 70139 
810 2 |a Prešovská univerzita v Prešove.  |b Pravoslávna bohoslovecká fakulta  |t Patristická knižnica  |9 468896 
919 |a 978-80-8068-693-2 
958 |a NB 
958 |a NT 
958 |a OND 
968 |d 2 
999 |c 946721  |d 948651 
952 |a SNK  |b SNK  |y PREZ  |7 0  |p 17A0578881  |o snkSC 130623  |i snk2008/2513  |8 0  |0 0  |1 0  |4 0  |d 2008-01-30  |f 1  |l 0  |r 2025-06-19 00:00:00  |w 2026-02-24 
952 |a SNK  |b SNK  |y VYP  |7 0  |p 17A0578882  |o snkSC 130623 D1  |i snk2008/2514  |8 0  |0 0  |1 0  |4 0  |d 2008-01-30  |l 0  |r 2026-02-24 09:36:29  |w 2026-02-24